[Event "Somov Memorial 17th"]
[Site "Kirishi"]
[Date "2019.05.20"]
[Round "7"]
[White "Kirchei, Viktoriia"]
[Black "Muradyan, Robert"]
[Result "0-1"]
[WhiteElo "2120"]
[BlackElo "2124"]
[PlyCount "94"]
[EventDate "2019.05.16"]
[EventType "tourn"]
[EventRounds "11"]
[EventCountry "RUS"]
[SourceTitle "CBM 190 Extra"]
[Source "ChessBase"]
[SourceDate "2019.07.15"]
[SourceVersion "1"]
[SourceVersionDate "2019.07.15"]
[SourceQuality "1"]

1. e4 c6 2. d4 d5 3. Nc3 dxe4 4. Nxe4 Nf6 5. Nxf6+ exf6 6. Nf3 Bd6 7. Bd3 0-0 8. 0-0 Bg4 9. c3 Nd7 10. Bc2 Re8 11. Be3 Nf8 12. h3 Bh5 13. d5 Qc7 14. Kh1 Rad8 15. dxc6 Qxc6 16. Nd4 Bxd1 17. Nxc6 Bxc2 18. Nxd8 Rxd8 19. Bxa7 Ra8 20. Be3 Ne6 21. Rfc1 Be4 22. Rd1 Be5 23. Kg1 g5 24. f3 Bc6 25. Kf2 h5 26. Bd4 Nxd4 27. cxd4 Bd6 28. a3 Bd5 29. Rd3 Kg7 30. Rc1 h4 31. Rdc3 Re8 32. Rc8 Bg3+ 33. Kf1 Re6 34. R8c5 Rd6 35. Ke2 b6 36. R5c3 f5 37. a4 Bb7 38. b4 Rxd4 39. Rc4 Rd6 40. Rd1 Re6+ 41. Kd3 Bd5 42. Rc8 g4 43. Rf1 Rd6 44. Kc2 Be6 45. Rc3 Be5 46. fxg4 Bxc3 47. gxf5 Bc4 0-1

[Event "Somov Memorial 17th"]
[Site "Kirishi"]
[Date "2019.05.18"]
[Round "5"]
[White "Daneshvar, Bardiya"]
[Black "Muradyan, Robert"]
[Result "1-0"]
[WhiteElo "2324"]
[BlackElo "2124"]
[PlyCount "63"]
[EventDate "2019.05.16"]
[EventType "tourn"]
[EventRounds "11"]
[EventCountry "RUS"]
[SourceTitle "CBM 190 Extra"]
[Source "ChessBase"]
[SourceDate "2019.07.15"]
[SourceVersion "1"]
[SourceVersionDate "2019.07.15"]
[SourceQuality "1"]

1. d4 d5 2. c4 e6 3. cxd5 exd5 4. Nc3 c6 5. Qc2 Bd6 6. g3 Ne7 7. Bf4 Bf5 8. Qd2 0-0 9. Nf3 Na6 10. Bg2 Nc7 11. 0-0 Bxf4 12. Qxf4 Ne6 13. Qd2 Be4 14. e3 Bxf3 15. Bxf3 a5 16. Bg2 Nf5 17. b3 Nd6 18. f3 Qb6 19. Na4 Qa7 20. Rac1 Rfe8 21. Kh1 Rad8 22. Rfe1 Re7 23. Nc5 Rde8 24. Nxe6 Rxe6 25. Rc5 Qb6 26. Rxa5 Nf5 27. Bh3 Nxd4 28. Bxe6 Nxf3 29. Bxf7+ Kh8 30. Qc3 d4 31. exd4 Rxe1+ 32. Qxe1 1-0

[Event "Somov Memorial 17th"]
[Site "Kirishi"]
[Date "2019.05.18"]
[Round "6"]
[White "Muradyan, Robert"]
[Black "Kirillov, Dmitry1111"]
[Result "1/2-1/2"]
[WhiteElo "2124"]
[BlackElo "2174"]
[PlyCount "65"]
[EventDate "2019.05.16"]
[EventType "tourn"]
[EventRounds "11"]
[EventCountry "RUS"]
[SourceTitle "CBM 190 Extra"]
[Source "ChessBase"]
[SourceDate "2019.07.15"]
[SourceVersion "1"]
[SourceVersionDate "2019.07.15"]
[SourceQuality "1"]

1. c4 e5 2. Nc3 Nf6 3. g3 d5 4. cxd5 Nxd5 5. Bg2 Nxc3 6. bxc3 Bc5 7. Nf3 Nc6 8. d3 0-0 9. 0-0 Re8 10. Nd2 Be6 11. Bb2 Qd7 12. Qa4 Bh3 13. Ne4 Bb6 14. Ba3 Bxg2 15. Kxg2 h6 16. Bc5 f5 17. Bxb6 axb6 18. Qb3+ Kh8 19. Nd2 e4 20. d4 e3 21. Nf3 Na5 22. Qc2 Nc4 23. Qd3 Qd5 24. Kg1 g6 25. Nh4 Kh7 26. f4 Nd2 27. Rfd1 Rxa2 28. c4 Rxa1 29. cxd5 Rxd1+ 30. Kg2 Rf1 31. Nxf5 Rf2+ 32. Kh3 Nf3 33. exf3 1/2-1/2

[Event "Yerevan Asrian Memorial 11th"]
[Site "Yerevan"]
[Date "2018.06.26"]
[Round "6"]
[White "Muradyan, Robert"]
[Black "Sargsyan, Shant"]
[Result "0-1"]
[WhiteElo "2225"]
[BlackElo "2499"]
[PlyCount "120"]
[EventDate "2018.06.21"]
[EventType "swiss"]
[EventRounds "9"]
[EventCountry "ARM"]
[SourceTitle "CBM 185 Extra"]
[Source "ChessBase"]
[SourceDate "2018.07.29"]
[SourceVersion "1"]
[SourceVersionDate "2018.07.29"]
[SourceQuality "1"]

1. Nf3 d5 2. d4 Nf6 3. c4 e6 4. Nc3 Bb4 5. Bg5 dxc4 6. e4 h6 7. Bxf6 Qxf6 8. Bxc4 c5 9. 0-0 0-0 10. dxc5 Nd7 11. Rc1 Bxc5 12. Qe2 Bd6 13. Rcd1 Bb8 14. Nb5 a6 15. Nd6 Ne5 16. Kh1 Nxf3 17. Qxf3 Qxb2 18. Nxc8 Rxc8 19. Bb3 Qe5 20. g3 Bd6 21. Qd3 Rc6 22. f4 Qh5 23. f5 Re8 24. Qf3 Qxf3+ 25. Rxf3 b5 26. Rfd3 Be5 27. Rd8 Kf8 28. R8d7 a5 29. a4 Rc3 30. R1d3 Rxd3 31. Rxd3 bxa4 32. Bxa4 Rc8 33. fxe6 fxe6 34. Rd7 Rc4 35. Bb3 Rxe4 36. Bxe6 Bxg3 37. Rf7+ Ke8 38. Rxg7 Rxe6 39. Rxg3 Ra6 40. Ra3 Kd7 41. Kg2 Kc6 42. Kf3 Kb5 43. Ke3 Kb4 44. Ra1 Kc3 45. Rc1+ Kb2 46. Rc8 a4 47. Rb8+ Kc3 48. Rc8+ Kb3 49. Rb8+ Kc4 50. Rc8+ Kb5 51. Rb8+ Kc5 52. Rc8+ Kd5 53. Rd8+ Ke6 54. Rd2 a3 55. Ra2 Ke5 56. Kd3 Kf4 57. Kd4 h5 58. Kd5 h4 59. Kd4 Kf3 60. Ke5 Ke3 0-1

[Event "Yerevan Asrian Memorial 11th"]
[Site "Yerevan"]
[Date "2018.06.24"]
[Round "4"]
[White "Muradyan, Robert"]
[Black "Shanya, Mishra"]
[Result "1-0"]
[WhiteElo "2225"]
[BlackElo "1980"]
[PlyCount "101"]
[EventDate "2018.06.21"]
[EventType "swiss"]
[EventRounds "9"]
[EventCountry "ARM"]
[SourceTitle "CBM 185 Extra"]
[Source "ChessBase"]
[SourceDate "2018.07.29"]
[SourceVersion "1"]
[SourceVersionDate "2018.07.29"]
[SourceQuality "1"]

1. Nf3 d5 2. g3 Nf6 3. Bg2 e6 4. 0-0 g6 5. d4 Bg7 6. c4 0-0 7. Nc3 Nbd7 8. Qd3 c6 9. e4 dxe4 10. Nxe4 Nxe4 11. Qxe4 c5 12. Be3 Qc7 13. Rac1 cxd4 14. Nxd4 a6 15. b4 Nf6 16. Qd3 e5 17. Ne2 Bf5 18. Qb3 Be6 19. Bc5 Rfd8 20. Nc3 b6 21. Bxa8 Rxa8 22. Be3 Bxc4 23. Nd5 Bxd5 24. Rxc7 Bxb3 25. axb3 Nd5 26. Rd7 Nxe3 27. fxe3 f5 28. Rfd1 Bf8 29. Rd8 Rxd8 30. Rxd8 Kf7 31. Rb8 b5 32. Rb7+ Ke6 33. Rxh7 Bxb4 34. Rg7 Kf6 35. Ra7 a5 36. Kf1 Bc3 37. Rb7 a4 38. bxa4 bxa4 39. Ra7 f4 40. Ke2 fxe3 41. Ra6+ Kf5 42. Kxe3 Bd4+ 43. Kf3 e4+ 44. Ke2 Kg4 45. Rxa4 Bg1 46. Rxe4+ Kh3 47. Kf3 g5 48. Re5 g4+ 49. Kf4 Kxh2 50. Kxg4 Bf2 51. Re2 1-0

[Event "Yerevan op 1st"]
[Site "Yerevan"]
[Date "2016.10.09"]
[Round "8"]
[White "Poormosavi, Seyed Kian"]
[Black "Muradyan, Robert"]
[Result "1/2-1/2"]
[WhiteElo "2056"]
[BlackElo "1871"]
[PlyCount "164"]
[EventDate "2016.10.02"]
[EventType "swiss"]
[EventRounds "9"]
[EventCountry "ARM"]
[SourceTitle "EXT 2017"]
[Source "ChessBase"]
[SourceDate "2016.10.25"]
[SourceVersion "1"]
[SourceVersionDate "2016.10.25"]
[SourceQuality "1"]

1. e4 c6 2. d4 d5 3. Nd2 dxe4 4. Nxe4 Nf6 5. Nxf6+ gxf6 6. c3 Bf5 7. Nf3 e6 8. Bf4 Bd6 9. Bxd6 Qxd6 10. g3 Nd7 11. Bg2 Be4 12. 0-0 0-0-0 13. Qe2 f5 14. Nh4 Bxg2 15. Nxg2 h5 16. h4 Rdg8 17. Qf3 Nf6 18. Qf4 Qxf4 19. Nxf4 Nd5 20. Nh3 Kd7 21. Kh2 Ke7 22. c4 Nf6 23. Rad1 Rd8 24. Nf4 Rd7 25. Rd3 Rhd8 26. Rfd1 b5 27. b3 b4 28. Kg2 a5 29. Kf3 Kf8 30. Ke3 Kg7 31. f3 Kh6 32. Ra1 Rg8 33. Rg1 Rgd8 34. Ra1 Rg8 35. Ne2 Rgd8 36. Rad1 Kh7 37. Nf4 Kh6 38. Nh3 Kg6 39. R1d2 Rd6 40. Nf2 Kh6 41. Nd1 Rg8 42. Kf4 Rdd8 43. Nb2 Kg7 44. Na4 Kf8 45. Re2 Ke7 46. Re5 Ra8 47. d5 cxd5 48. cxd5 Rgd8 49. Nb6 Rab8 50. d6+ Rxd6 51. Rxd6 Kxd6 52. Nc4+ Ke7 53. Rxa5 Nd5+ 54. Ke5 Rb7 55. Kd4 Rc7 56. Rb5 Ra7 57. Rc5 Rc7 58. Kd3 Kf6 59. Ra5 Kg7 60. f4 Rd7 61. Ke2 Rc7 62. Kf3 Rd7 63. Ne5 Rc7 64. Ra4 Rc3+ 65. Kg2 Rc7 66. Kh3 Rb7 67. Nd3 Kf6 68. Kg2 Rc7 69. Nxb4 Nxb4 70. Rxb4 Rc2+ 71. Kh3 Rxa2 72. Rb7 Rb2 73. b4 Kg6 74. b5 Kf6 75. Rb8 Kg7 76. Rb6 Kg6 77. Rb7 Kf6 78. Rb6 Kg6 79. Rb8 Kg7 80. Rb6 Kf6 81. Rb8 Kg7 82. Rb7 Kg6 1/2-1/2

[Event "Yerevan op 1st"]
[Site "Yerevan"]
[Date "2016.10.04"]
[Round "3"]
[White "Muradyan, Robert"]
[Black "Movsisyan, Vardan"]
[Result "1/2-1/2"]
[WhiteElo "1871"]
[BlackElo "2196"]
[PlyCount "41"]
[EventDate "2016.10.02"]
[EventType "swiss"]
[EventRounds "9"]
[EventCountry "ARM"]
[SourceTitle "EXT 2017"]
[Source "ChessBase"]
[SourceDate "2016.10.25"]
[SourceVersion "1"]
[SourceVersionDate "2016.10.25"]
[SourceQuality "1"]

1. Nf3 Nf6 2. g3 d5 3. Bg2 g6 4. 0-0 Bg7 5. d4 0-0 6. c4 c6 7. cxd5 cxd5 8. Nc3 Nc6 9. Bf4 Ne4 10. Ne5 Nxc3 11. bxc3 Nxe5 12. dxe5 e6 13. e4 g5 14. Be3 Bxe5 15. exd5 exd5 16. Bd4 Qf6 17. Bxe5 Qxe5 18. Qxd5 Qxd5 19. Bxd5 Rd8 20. Rfd1 Kg7 21. c4 1/2-1/2

[Event "EU-ch U10 24th"]
[Site "Batumi"]
[Date "2014.10.23"]
[Round "5"]
[White "Tsoi, Dmitry"]
[Black "Muradyan, Robert"]
[Result "1-0"]
[WhiteElo "2034"]
[BlackElo "1657"]
[PlyCount "93"]
[EventDate "2014.10.19"]
[EventType "swiss"]
[EventRounds "9"]
[EventCountry "GEO"]
[SourceTitle "EXT 2016"]
[Source "ChessBase"]
[SourceDate "2015.10.08"]
[SourceVersion "1"]
[SourceVersionDate "2015.10.08"]
[SourceQuality "1"]

1. e4 e5 2. Nf3 Nc6 3. Nc3 Nf6 4. Bb5 Bc5 5. 0-0 d6 6. d4 exd4 7. Nxd4 Bd7 8. Nf5 0-0 9. Bg5 Be6 10. Bxc6 bxc6 11. Qf3 Bxf5 12. Qxf5 Qd7 13. Bxf6 Qxf5 14. exf5 gxf6 15. Ne4 Bd4 16. c3 d5 17. Ng3 Bc5 18. Rfe1 Rfe8 19. Nh5 Be7 20. Re3 Rad8 21. Rae1 Kf8 22. b4 a6 23. Kf1 Ra8 24. g4 Bd6 25. Nxf6 Rxe3 26. fxe3 Bxh2 27. Kg2 Bd6 28. e4 dxe4 29. Rxe4 h6 30. a3 Rd8 31. Rd4 Ke7 32. Ne4 Ra8 33. Rc4 Kd7 34. Nc5+ Bxc5 35. Rxc5 Kd6 36. Kf3 f6 37. Ra5 Ra7 38. Kg3 Ra8 39. Kh4 Ke7 40. Kh5 Rd8 41. Rxa6 Rd6 42. Kxh6 Kf7 43. Ra7 Rd7 44. a4 Re7 45. a5 Rd7 46. a6 Re7 47. Rb7 1-0